Direito Contemporńeo temas diversos e a importńcia da pesquisa no universo jurd̕ico /

Bibliographic Details
Main Author: Augusto Pinheiro, Ana Cristina
Other Authors: do Passo Neves, Helena
Format: eBook
Language:Portuguese
Published: Rio de Janeiro: Editora Processo, 2019
Subjects:
Online Access:Acceso restringido

MARC

LEADER 00000nam a22000007a 4500
005 20220720013915.0
007 cr|||| ||||
008 220720s2019 br |||||s|||| 00||0 por d
020 |a 978-85-93741-63-0 
035 |a 36759 
040 |a vLex 
090 |c 13621  |d 13621 
100 1 |a Augusto Pinheiro, Ana Cristina 
245 1 0 |a Direito Contemporńeo  |h [Recurso electrn̤ico] :  |b temas diversos e a importńcia da pesquisa no universo jurd̕ico /  |c Ana Cristina Augusto Pinheiro, Helena do Passo Neves 
256 |a Servicio en ln̕ea 
260 |a Rio de Janeiro:  |b Editora Processo,  |c 2019 
300 |a 1 recurso electrn̤ico 
506 1 |a Disponible solo en los productos indicados  |d vLex Global  |d vLex Global (Academic Edition, excluding Law Schools)  |d vLex Global (U.S. Academic Edition, Law Schools)  |d vLex Global (U.S. Academic Edition, excluding Law Schools)  |d vLex Global (Academic Edition, Law Schools) 
650 0 4 |a Derecho Civil  |z Brasil 
700 1 |a do Passo Neves, Helena 
740 0 |a vLex Libros (Servicio en ln̕ea) 
856 4 0 |u https://app.vlex.com/#/sources/36759  |z Acceso restringido 
942 |c BOOK 
999 0 |a Civil Law